[Event "IECG TE.2006.P.02317 email"]
[Site "IECG email"]
[Date "2006.12.20"]
[Round "?"]
[White "Fulir, Mladen"]
[Black "Rakovic, Dragan"]
[Result "0-1"]
[WhiteElo "1950"]
[BlackElo "1502"]
[PlyCount "36"]
[EventDate "2006.12.20"]
[EventType "tourn (corr)"]
[EventRounds "12"]
[SourceTitle "Corr 2024"]
[Source "ChessBase"]
[SourceDate "2023.10.19"]
[SourceVersion "1"]
[SourceVersionDate "2023.10.19"]
[SourceQuality "1"]

1. e4 c5 2. c3 Nf6 3. e5 Nd5 4. d4 cxd4 5. cxd4 e6 6. Nf3 d6 7. Bc4 Nc6 8. 0-0 Be7 9. Nc3 Nxc3 10. bxc3 dxe5 11. Nxe5 Nxe5 12. dxe5 Qxd1 13. Rxd1 Bd7 14. a4 a6 15. a5 Rc8 16. Rd4 Rc5 17. Bf4 Bc6 18. Bg3 Bd8 0-1

[Event "IECG TE.2006.P.02201"]
[Site "IECG email"]
[Date "2006.06.19"]
[Round "?"]
[White "Aguilar, Omar"]
[Black "Fulir, Mladen"]
[Result "0-1"]
[WhiteElo "1725"]
[BlackElo "1950"]
[PlyCount "42"]
[EventDate "2006.06.19"]
[EventType "tourn (corr)"]
[EventRounds "2"]
[SourceTitle "Corr 2024"]
[Source "ChessBase"]
[SourceDate "2023.10.19"]
[SourceVersion "1"]
[SourceVersionDate "2023.10.19"]
[SourceQuality "1"]

1. d4 f5 2. e4 fxe4 3. Nc3 Nc6 4. d5 Ne5 5. Qd4 Nf7 6. Nxe4 g6 7. Bf4 Ngh6 8. Qd2 Bg7 9. Nf3 Bxb2 10. Rb1 Bg7 11. Bd3 0-0 12. h4 e6 13. d6 Nf5 14. h5 cxd6 15. hxg6 hxg6 16. g4 Qc7 17. Rb3 Ne7 18. Nfg5 Ne5 19. Be2 d5 20. Rc3 Nd3+ 21. Rxd3 Rxf4 0-1

[Event "IECG TE.2006.P.02223 email"]
[Site "IECG email"]
[Date "2006.06.19"]
[Round "?"]
[White "Fulir, Mladen"]
[Black "Martins, Karin"]
[Result "0-1"]
[WhiteElo "1950"]
[BlackElo "1463"]
[PlyCount "40"]
[EventDate "2006.06.19"]
[EventType "tourn (corr)"]
[EventRounds "12"]
[SourceTitle "Corr 2024"]
[Source "ChessBase"]
[SourceDate "2023.10.19"]
[SourceVersion "1"]
[SourceVersionDate "2023.10.19"]
[SourceQuality "1"]

1. d4 f5 2. e4 fxe4 3. Nc3 Nf6 4. f3 d5 5. fxe4 dxe4 6. Bg5 Bf5 7. Bc4 Nc6 8. Nge2 Qd7 9. 0-0 e6 10. Bxf6 gxf6 11. d5 0-0-0 12. dxe6 Qe7 13. Bd5 Bxe6 14. Bxe6+ Qxe6 15. Qe1 Bc5+ 16. Kh1 f5 17. Na4 Bd6 18. Qc3 Qh6 19. h3 f4 20. Nd4 Bb4 0-1

[Event "IECG TE.2005.P.02030 email"]
[Site "IECG email"]
[Date "2006.01.08"]
[Round "2"]
[White "Fulir, Mladen"]
[Black "Gomez Galan Arense, Joaquin"]
[Result "0-1"]
[WhiteElo "1950"]
[BlackElo "2012"]
[PlyCount "20"]
[EventDate "2005.12.19"]
[EventType "tourn (corr)"]
[EventRounds "12"]
[SourceTitle "Corr 2024"]
[Source "ChessBase"]
[SourceDate "2023.10.19"]
[SourceVersion "1"]
[SourceVersionDate "2023.10.19"]
[SourceQuality "1"]

1. e4 e5 2. Nf3 Nc6 3. c3 Nf6 4. d4 Nxe4 5. Bd3 d5 6. dxe5 Bg4 7. h3 Bc5 8. Bxe4 dxe4 9. Qxd8+ Rxd8 10. Ng5 Rd1# 0-1

[Event "IECG CP.1999.P.00002"]
[Site "IECG email"]
[Date "1999.10.01"]
[Round "?"]
[White "Berdichesky, Ruben"]
[Black "Fulir, Mladen"]
[Result "1-0"]
[WhiteElo "2461"]
[BlackElo "1950"]
[PlyCount "49"]
[EventDate "1999.10.01"]
[EventType "tourn (corr)"]
[EventRounds "6"]
[EventCountry "ARG"]
[SourceTitle "Corr 2008"]
[Source "ChessBase"]
[SourceDate "2008.06.24"]
[SourceVersion "1"]
[SourceVersionDate "2008.06.24"]
[SourceQuality "1"]

1. d4 Nf6 2. c4 c6 3. Nc3 g6 4. e4 d6 5. f4 Bg7 6. Nf3 0-0 7. Bd3 b6 8. 0-0 Bb7 9. e5 Ne8 10. Be3 e6 11. Qd2 Qe7 12. Rae1 Nd7 13. Bf2 a6 14. Bh4 f6 15. Qe3 Nc7 16. exd6 Qxd6 17. f5 c5 18. Bg3 e5 19. d5 Ne8 20. fxg6 hxg6 21. Bxg6 f5 22. Qg5 f4 23. Ne4 Qc7 24. Qh4 Nef6 25. Nfg5 1-0